000 00441nam a2200181Ia 4500
001 16392
005 20260306170306.0
008 260306t2009||||xx |||||||||||||| ||und||
041 _aESP
082 _a348.55
_bP45
100 _aPérez Luño, Antonio Enrique
_eAUT
245 0 _aEnsayos de informática jurídica
260 _c2009
300 _a148 páginas :
_c21 cm.
650 _aGEN
654 _aCDE
942 _cLIB
_dJUS
_fJUS
_2ddc
_n
999 _c16392
_d16392